[Event "Kiel op 15th"]
[Site "Kiel"]
[Date "2002.08.11"]
[Round "3"]
[White "Carlsen, Magnus"]
[Black "Kalinitschew, Sergey"]
[Result "1/2-1/2"]
[WhiteElo "2214"]
[BlackElo "2487"]
[PlyCount "48"]
[EventDate "2002.08.10"]
[EventType "swiss"]
[EventRounds "9"]
[EventCountry "GER"]
[SourceTitle "EXT 2003"]
[Source "ChessBase"]
[SourceDate "2002.11.25"]
[SourceVersion "1"]
[SourceVersionDate "2002.11.25"]
[SourceQuality "1"]

1. Nf3 c5 2. c4 Nc6 3. Nc3 g6 4. g3 Bg7 5. Bg2 d6 6. O-O Nf6 7. e3 O-O 8. d4 Bf5 9. b3 cxd4 ({RR} 9... Ne4 10. Bb2 Nxc3 11. Bxc3 Be4 12. Rc1 a5 13. Re1 a4 14. bxa4 b6 15. d5 Nb4 16. Bxb4 Bxf3 17. Bxf3 cxb4 18. Qb3 Bc3 19. Rf1 Qd7 20. Bd1 Qa7 21. a3 Qa5 22. axb4 Bxb4 23. h4 h5 24. Kg2 {Saric,I (2695)-Kovalenko,I (2674) Chess.com INT 2022 0-1 (52)}) 10. Nxd4 Bg4 $146 ({RR} 10... Nxd4 11. exd4 Qd7 12. Re1 Bh3 13. Qf3 Bxg2 14. Kxg2 Rfe8 15. Bg5 h6 16. Bxf6 Bxf6 17. Rad1 Bg7 18. h3 e6 19. c5 d5 20. b4 b6 21. Qd3 a5 22. b5 bxc5 23. dxc5 a4 24. c6 Qd6 25. Rd2 {Sanabria Rangel,S (2087)-Panesso Rivera,H (2290) Cartago 2009 1-0 (54)}) ({RR} 10... Bd7 11. Bb2 Rc8 12. Rc1 a6 13. Nd5 Ne8 14. Nxc6 bxc6 15. Bxg7 Kxg7 16. Nc3 c5 17. Qd2 Bc6 18. Bxc6 Rxc6 19. Nd5 Nc7 20. Qc3+ Kg8 21. Nf4 Ne6 22. Nd5 a5 23. Rfd1 Ra6 24. f4 a4 25. e4 {Kiselev,P (2139)-Badacsonyi,S (2132) chess.com INT 2024 0-1 (35)}) ({RR} 10... Nxd4 11. exd4 Qd7 12. Bb2 Bh3 13. Qf3 Bxg2 14. Kxg2 a6 15. Rfe1 Rfe8 16. Rad1 Rac8 17. Re2 b5 18. cxb5 axb5 19. Nd5 Nxd5 20. Qxd5 e6 21. Qf3 d5 22. a3 Qa7 23. Qd3 Qb6 24. Rc2 Rxc2 25. Qxc2 {Harshini,A (2149)-Vantika,A (2362) Delhi IND 2022 0-1 (60)}) 11. Qd2 Qc8 12. Bb2 Bh3 13. Nd5 Nxd5 14. cxd5 Bxg2 15. Kxg2 Nxd4 16. Bxd4 {(=)} Qf5 17. Bxg7 Kxg7 18. Qd4+ Qf6 19. Qb4 Qe5 20. Qxb7 Rfb8 21. Qc6 Rc8 22. Qb7 Rcb8 23. Qc6 Rc8 24. Qb7 Rcb8 1/2-1/2

[Event "July 23 Late 2024"]
[Site "Chess.com"]
[Date "2024.07.23"]
[Round "5.1"]
[White "Santos Latasa, Jaime"]
[Black "Carlsen, Magnus"]
[Result "0-1"]
[WhiteElo "2978"]
[BlackElo "3244"]
[PlyCount "94"]
[EventDate "2024.??.??"]
[WhiteTeam "ESP"]
[BlackTeam "NOR"]
[TimeControl "180+1"]
[WhiteClock "0:00:25"]
[BlackClock "0:00:50"]

1. Nf3 {[%emt 0:00:02]} b5 {[%emt 0:00:04]} 2. g3 {[%emt 0:00:01]} Bb7 {[%emt 0:00:01]} 3. Bg2 {[%emt 0:00:01]} c5 {[%emt 0:00:01]} 4. O-O {[%emt 0:00:01]} Nf6 {[%emt 0:00:02]} 5. d3 {[%emt 0:00:04]} g6 {[%emt 0:00:05]} 6. e4 {[%emt 0:00:02]} Bg7 {[%emt 0:00:00]} ({RR} 6... d6 7. d4 cxd4 8. Nxd4 a6 9. Re1 e5 10. Nb3 Bg7 11. a4 b4 12. a5 O-O 13. Ra4 Bc6 14. Rxb4 Bb5 15. c4 Nc6 16. cxb5 Nxb4 17. b6 Nc6 18. Nc3 Rc8 19. Bf1 Nb4 20. Bg5 Qd7 21. Nd2 {Kramnik,V (2777)-Ghaem Maghami,E (2596) Berlin 2015 1-0 (59)}) ({RR} 6... d6 7. a4 b4 8. e5 dxe5 9. Nxe5 Bxg2 10. Kxg2 Qd5+ 11. Qf3 Nbd7 ({RR} 11... Qxf3+ 12. Kxf3 Nfd7 13. Nxd7 Nxd7 14. Nd2 Ne5+ 15. Ke2 Bg7 16. Nf3 Nc6 17. Rb1 Nd4+ 18. Nxd4 cxd4 19. a5 b3 20. cxb3 Rb8 21. b4 Rxb4 22. b3 Kd7 23. Bd2 Rb5 24. Rfc1 Rhb8 25. b4 g5 26. g4) 12. Nc4 Bg7 13. Re1 e6 14. Qxd5 Nxd5 15. Nbd2 O-O 16. a5 Rac8 17. Nb3 Rc6 18. Bd2 e5 19. c3 Rb8 20. Rab1 f5 21. cxb4 {Epishin,V (2344)-Shishkin,V (2029) St Petersburg RUS 2025 ½-½ (42)}) 7. a4 {[%emt 0:00:05]} b4 {[%emt 0:00:02]} 8. Nbd2 {[%emt 0:00:01]} O-O $146 {[%emt 0:00:02]} ({RR} 8... d6 9. Nc4 O-O 10. h3 Nbd7 11. a5 Qc7 12. Re1 Rfe8 13. Bg5 h6 14. Bd2 Rad8 15. c3 bxc3 16. bxc3 d5 17. exd5 Nxd5 18. Ra3 Ba6 19. Qc2 e5 20. Nh2 Nb8 21. Ng4 h5 22. Nge3 Nxe3 23. Bxe3 {Evans,B-Stearns,A (2255) San Francisco 2000 1-0 (46)}) 9. Nc4 {[%emt 0:00:02]} Nc6 {[%emt 0:00:01]} 10. Re1 {[%emt 0:00:03]} d6 {[%emt 0:00:10]} 11. Bd2 {[%emt 0:00:10]} Nd7 {[%emt 0:00:02]} 12. Qc1 {[%emt 0:00:06]} Nb6 {[%emt 0:00:02]} 13. Bh6 {[%emt 0:00:05]} Nxc4 {[%emt 0:00:01]} 14. dxc4 {[%emt 0:00:01]} e5 {[%emt 0:00:05]} 15. Bxg7 {[%emt 0:00:08]} Kxg7 {[%emt 0:00:02]} 16. Nd2 {[%emt 0:00:01]} Nd4 {[%emt 0:00:06]} 17. c3 {[%emt 0:00:03]} bxc3 {[%emt 0:00:01]} 18. bxc3 {[%emt 0:00:01]} Ne6 {[%emt 0:00:12]} 19. Nf1 {[%emt 0:00:03]} f5 {[%emt 0:00:01]} 20. Rb1 {[%emt 0:00:07]} Bxe4 {[%emt 0:00:02]} 21. Bxe4 {[%emt 0:00:05]} fxe4 {[%emt 0:00:01]} 22. Rb7+ {[%emt 0:00:00]} Rf7 {[%emt 0:00:07]} 23. Rxf7+ {[%emt 0:00:02]} Kxf7 {[%emt 0:00:00]} 24. Nd2 {[%emt 0:00:03]} Ng5 {[%emt 0:00:07]} 25. h4 {[%emt 0:00:17]} Nf3+ {[%emt 0:00:03]} 26. Nxf3 {[%emt 0:00:01]} exf3 {[%emt 0:00:00]} 27. Qd1 {[%emt 0:00:00]} Kg7 {[%emt 0:00:09]} 28. Qxf3 {[%emt 0:00:02]} Rb8 {[%emt 0:00:00]} 29. Qd5 {[%emt 0:00:05]} Qf6 {[%emt 0:00:03]} 30. Rd1 {[%emt 0:00:15]} Rb2 {[%emt 0:00:09]} 31. Rd2 {[%emt 0:00:01]} Rxd2 {[%emt 0:00:01]} 32. Qxd2 {[%emt 0:00:01]} e4 {[%emt 0:00:04]} 33. Qd5 {[%emt 0:00:07]} e3 {[%emt 0:00:02]} 34. fxe3 {[%emt 0:00:05]} Qxc3 {[%emt 0:00:01]} 35. Qxd6 {[%emt 0:00:06]} Qxe3+ {[%emt 0:00:02]} 36. Kg2 {[%emt 0:00:04]} a5 {[%emt 0:00:15]} 37. Qc7+ {[%emt 0:00:10]} Kf6 {[%emt 0:00:03]} 38. Qd8+ {[%emt 0:00:11]} Kf5 {[%emt 0:00:10]} 39. Qd7+ {[%emt 0:00:10]} Qe6 {[%emt 0:00:16]} 40. Qxh7 {[%emt 0:00:05]} Kg4 {[%emt 0:00:11]} 41. Qc7 {[%emt 0:00:10]} Qe2+ {[%emt 0:00:03]} 42. Kg1 {[%emt 0:00:00]} Qe3+ {[%emt 0:00:06]} 43. Kg2 {[%emt 0:00:08]} Qf3+ {[%emt 0:00:02]} 44. Kh2 {[%emt 0:00:01]} Qf2+ {[%emt 0:00:01]} 45. Kh1 {[%emt 0:00:01]} Qf1+ {[%emt 0:00:00]} 46. Kh2 {[%emt 0:00:02]} Qh3+ {[%emt 0:00:00]} 47. Kg1 {[%emt 0:00:04]} Qxg3+ {[%emt 0:00:00]} 0-1

[Event "London Classic 3rd"]
[Site "London"]
[Date "2011.12.08"]
[Round "5"]
[White "Aronian, Levon"]
[Black "Carlsen, Magnus"]
[Result "1/2-1/2"]
[WhiteElo "2802"]
[BlackElo "2826"]
[PlyCount "78"]
[EventDate "2011.12.03"]
[EventType "tourn"]
[EventRounds "9"]
[EventCountry "ENG"]
[EventCategory "20"]
[SourceTitle "CBM 146"]
[Source "ChessBase"]
[SourceDate "2012.01.18"]
[SourceVersion "1"]
[SourceVersionDate "2012.01.18"]
[SourceQuality "1"]

1. Nf3 {ChessBase II} d5 2. d4 Nf6 3. c4 c6 4. e3 Bf5 5. Nc3 a6 6. Be2 h6 7. Qb3 Ra7 8. cxd5 cxd5 9. Bd2 e6 10. Ne5 Be7 11. Rc1 $146 ({RR} 11. O-O O-O 12. Na4 Nbd7 13. Nxd7 Nxd7 14. Rfc1 Bd6 15. Bb4 Qe7 16. a3 b5 17. Nc5 Nb6 18. Nd3 Bxd3 19. Bxd3 Nc4 20. Qc3 Rc8 21. Bxd6 Qxd6 22. b3 a5 23. bxc4 dxc4 24. Rab1 Rb8 25. Be2 b4 {Sismeiro,M (2184)-Eftovski,M (1866) Tornelo INT 2021 1-0 (36)}) ({RR} 11. O-O O-O 12. Rfc1 Nfd7 13. Nxd7 Qxd7 14. Na4 Nc6 15. Qb6 ({RR} 15. Nc5 Qc7 16. h3 Rc8 17. a4 Bd6 18. a5 Qe7 19. Bd3 Bxd3 20. Nxd3 Raa8 21. Rc2 Na7 22. Rac1 Rxc2 23. Rxc2) 15... Rfa8 16. Nc5 Qc8 17. a3 Bd6 18. g3 Bc7 19. Qb3 Qe8 20. Bf1 Rb8 21. Qc3 Bd8 22. Nxa6 bxa6 23. Qxc6 Qxc6 24. Rxc6 Rxb2 25. Be1 Be7 {Aronian,L (2780)-Carlsen,M (2840) Wijk aan Zee 2017 CBM 177 [ChessBase II] ½-½}) ({RR} 11. Qa4+ Nbd7 12. g4 Bh7 13. h4 Ra8 14. g5 b5 15. Qb3 Ne4 16. Nc6 Nxd2 17. Kxd2 Qb6 18. Nxe7 Kxe7 19. Qb4+ Qd6 20. a3 hxg5 21. hxg5 Bg6 22. Bf3 Nb6 23. b3 Rhc8 24. Rhc1 Ra7 25. Ne2 Rac7 {Beletic,D (2269)-Debevec,B (2070) Nova Gorica SLO 2023 ½-½ (36)}) 11... O-O 12. O-O Nfd7 13. Nxd7 Nxd7 14. a4 Nb8 15. e4 dxe4 16. d5 Nd7 17. Be3 Bc5 18. Nxe4 Bxe3 19. Qxe3 Qb6 20. Ng3 Qxe3 21. fxe3 Bg6 22. dxe6 fxe6 23. Rfd1 Nf6 24. Rd6 Bf7 25. Bf3 a5 26. Rb6 Be8 27. Rxe6 Bxa4 28. Re7 Re8 29. Nf5 Rxe7 30. Nxe7+ Kf8 31. Nc8 Ra6 32. Bxb7 Re6 33. e4 Bd7 34. Rc5 Nxe4 35. Rxa5 Bxc8 36. Bxc8 Rc6 37. Rf5+ Nf6 38. Bb7 Rb6 39. Bf3 Rxb2 1/2-1/2

[Event "FIDE World Cup"]
[Site "Tbilisi"]
[Date "2017.09.04"]
[Round "1.2"]
[White "Balogun, Oluwafemi"]
[Black "Carlsen, Magnus"]
[Result "0-1"]
[WhiteElo "2255"]
[BlackElo "2822"]
[PlyCount "112"]
[EventDate "2017.09.03"]
[EventType "k.o."]
[EventRounds "7"]
[EventCountry "GEO"]
[SourceTitle "CBM 181"]
[Source "ChessBase"]
[SourceDate "2017.11.10"]
[SourceVersion "1"]
[SourceVersionDate "2017.11.10"]
[SourceQuality "1"]

1. Nf3 c5 2. g3 g6 3. Bg2 Bg7 4. d3 Nc6 5. c3 e5 6. a3 Nge7 7. O-O a6 8. b4 d6 9. Nfd2 $146 ({RR} 9. Nbd2 cxb4 10. axb4 b5 11. e4 a5 12. bxa5 Rxa5 13. Ba3 O-O 14. Nb3 Ra6 15. d4 exd4 16. Nfxd4 Nxd4 17. Nxd4 Qb6 18. Qb3 Bd7 19. Rad1 Rb8 20. Bb4 Qc7 21. Rfe1 Nc8 22. Bf1 Qd8 23. f4 Qe8 {Vujadinovic,G (2360)-Mijailovic,Z (2330) Banja Vrucica 1991 1-0}) ({RR} 9. Bb2 O-O 10. Nbd2 h6 11. Rb1 Be6 12. bxc5 dxc5 13. c4 b6 14. Bc3 Qc7 15. Re1 Rfe8 16. a4 a5 17. Qb3 Nb4 18. Qb2 Nec6 19. Nf1 Rad8 20. Red1 f5 21. Ne1 Kh7 22. Ne3 Nd4 23. Nd5 Bxd5 {Rapport,R (2763)-Xiong,J (2710) Saint Louis 2021 ½-½ (47)}) ({RR} 9. bxc5 dxc5 10. a4 O-O 11. Ba3 b6 12. a5 Nxa5 13. Nxe5 Bb7 14. Nf3 Re8 15. Qc2 Qc7 16. Re1 Nac6 17. Nbd2 Nd5 18. Bb2 b5 19. c4 Nd4 20. Nxd4 cxd4 21. Nf3 bxc4 22. Bxd4 cxd3 {½-½ (22) Rechlis,G (2463)-Givon,A (2419) Israel ISR 2025}) ({RR} 9. Bb2 O-O 10. Nbd2 h6 11. e4 Be6 12. Re1 Qd7 13. Rc1 Rad8 14. Qe2 Kh7 {½-½ (14) Schulz,K (2267)-Lagunow,R (2424) Erfurt 2019}) 9... O-O 10. Nb3 cxb4 11. axb4 Be6 12. e4 Qd7 13. N1d2 b5 14. Re1 Bh3 15. Bh1 Bg4 16. f3 Be6 17. Nf1 f5 18. Be3 f4 19. Bf2 g5 20. g4 Ng6 21. h3 Qf7 22. Nfd2 Bf6 23. Bg2 Rfc8 24. Qb1 Bd8 25. Rc1 Qb7 26. d4 exd4 27. Nxd4 Nxd4 28. cxd4 Rxc1+ 29. Qxc1 Bb6 30. Qb2 Rc8 31. Rc1 Rxc1+ 32. Qxc1 Qa7 33. Qc3 Kf7 34. Bf1 Ke7 35. Be2 Kd7 36. Kf1 Ne5 37. Qa1 Ng6 38. Qc3 Bf7 39. Bd1 Qc7 40. Qxc7+ Kxc7 41. Bb3 Be8 42. Bg8 h6 43. Nb3 Ne7 44. Be6 Nc6 45. Be1 Bxd4 46. Bd5 Bb2 47. Ke2 Ne5 48. Bd2 Bf7 49. Bxf7 Nxf7 50. Nc1 Nd8 51. Nd3 Bg7 52. e5 Bxe5 53. Nxe5 dxe5 54. Kd3 Kd6 55. Ke4 Ke6 56. Bc3 Nf7 0-1

[Event "Biel GM"]
[Site "Biel"]
[Date "2005.07.21"]
[Round "5"]
[White "Bauer, Christian"]
[Black "Carlsen, Magnus"]
[Result "1/2-1/2"]
[WhiteElo "2641"]
[BlackElo "2528"]
[PlyCount "71"]
[EventDate "2005.07.17"]
[EventType "tourn"]
[EventRounds "10"]
[EventCountry "SUI"]
[EventCategory "16"]
[SourceTitle "CBM 108"]
[Source "ChessBase"]
[SourceDate "2005.09.26"]
[SourceVersion "1"]
[SourceVersionDate "2005.09.26"]
[SourceQuality "1"]

1. Nf3 Nf6 2. c4 e6 3. g3 d5 4. Bg2 dxc4 5. Qa4+ c6 6. Qxc4 b5 7. Qb3 Bb7 8. d4 Nbd7 9. Bg5 a6 ({RR} 9... Be7 10. O-O a6 11. Ne5 Nxe5 12. dxe5 Nd7 13. Bxe7 Qxe7 14. Qe3 O-O 15. Rc1 Rfd8 16. f4 Rab8 17. Bxc6 Bxc6 18. Rxc6 Nb6 19. Na3 Nd5 20. Qc5 Qxc5+ 21. Rxc5 Rbc8 22. Rac1 Rxc5 23. Rxc5 Nb4 24. Nc2 {Macieja,B (2636)-Nielsen,P (2670) Wolvega 2010 1-0 (62)}) ({RR} 9... Be7 10. O-O O-O 11. Nc3 a6 12. Ne5 Nxe5 13. dxe5 Nd7 14. Bxe7 Qxe7 15. f4 Nb6 16. Ne4 c5 17. Qe3 Nc4 18. Qc3 Bxe4 19. Bxe4 Rad8 20. Rfd1 g6 21. b3 Nb6 22. Qa5 Rxd1+ 23. Rxd1 Rd8 24. Rc1 {Stremavicius,T (2567)-Wang,I (2335) Las Vegas USA 2024 1-0 (43)}) 10. a4 $146 ({RR} 10. Ne5 Qc8 11. Bxf6 gxf6 12. Nxd7 Qxd7 13. e3 c5 14. Bxb7 Qxb7 15. O-O Rd8 16. Rd1 Be7 17. Nc3 h5 18. dxc5 h4 19. Rxd8+ Bxd8 20. Qc2 Qc6 21. Ne2 Bc7 22. Rd1 Rh5 23. b4 hxg3 24. Nxg3 Bxg3 {Ehlvest,J (2620)-Nyander,J (2195) Stockholm 1998 ½-½ (46)}) 10... c5 11. axb5 Bd5 12. Bxf6 gxf6 13. Qd1 axb5 14. Rxa8 Qxa8 15. O-O b4 16. Nh4 Be7 17. Re1 f5 18. dxc5 Bxh4 19. Bxd5 exd5 20. gxh4 Rg8+ 21. Kh1 Qc6 22. Qd4 Rg4 23. Qe3+ Kf8 24. Nd2 Qxc5 25. Qf3 Qd4 26. Nf1 Nf6 27. Ng3 f4 28. e3 Qe5 29. Nf1 Ne4 30. Nd2 fxe3 31. Qxe3 Qf6 32. Nxe4 Rxe4 33. Qc5+ Qe7 34. Qc8+ Qe8 35. Qc5+ Qe7 36. Qc8+ 1/2-1/2

[Event "Sarajevo Bosnia-A 36th"]
[Site "Sarajevo"]
[Date "2006.05.09"]
[Round "3"]
[White "Carlsen, Magnus"]
[Black "Sasikiran, Krishnan"]
[Result "1/2-1/2"]
[WhiteElo "2646"]
[BlackElo "2692"]
[PlyCount "74"]
[EventDate "2006.05.07"]
[EventType "tourn"]
[EventRounds "10"]
[EventCountry "BIH"]
[EventCategory "17"]
[SourceTitle "CBM 113"]
[Source "ChessBase"]
[SourceDate "2006.07.31"]
[SourceVersion "1"]
[SourceVersionDate "2006.07.31"]
[SourceQuality "1"]

1. Nf3 {Marin,Mihail} Nf6 2. c4 b6 3. Nc3 Bb7 4. d4 e6 5. Bg5 ({RR} 5. a3) 5... h6 6. Bh4 Be7 ({RR} 6... g5 7. Bg3 Nh5 8. e3 Nxg3 9. hxg3 Bg7 10. Qc2 ({RR} 10. Bd3 Nc6 11. a3 g4 12. Ng1 f5 13. Nge2 h5 14. Nf4 h4 15. Qa4 h3) 10... Nc6 11. O-O-O Qe7 ({RR} 11... g4) 12. g4 Nb4 ({RR} 12... h5 13. Rxh5 Rxh5 14. gxh5 g4 15. Qh7) ({RR} 12... O-O-O 13. Rh5) 13. Qd2 c5 14. d5 exd5 15. a3 dxc4 16. axb4 cxb4 17. Nb5 d5 18. Nbd4) 7. e3 ({RR} 7. Qc2 d6 ({RR} 7... c5) ({RR} 7... d5) 8. e4 Nbd7 9. Be2 c5 10. d5 exd5 11. exd5 Nxd5 12. Nxd5 Bxh4 13. Nxh4 Qxh4 14. Nc7+ Ke7 15. Nxa8 Bxg2 16. Rg1 Bxa8 17. Rxg7 Ne5) 7... Ne4 8. Nxe4 ({RR} 8. Bxe7 Qxe7 9. Rc1 d6) 8... Bxe4 9. Bg3 d6 ({RR} 9... O-O) 10. Bd3 Bb7 ({RR} 10... Bxd3 11. Qxd3 Nd7 12. d5 ({RR} 12. O-O O-O 13. e4 Bf6 14. e5 Be7 15. Rad1 Qc8 16. d5) 12... e5 13. e4 O-O 14. h4 ({RR} 14. Nd2 Bg5) 14... Qc8 15. Nd2 Nc5 16. Qc2 Qg4 17. b4 Nd7 18. Nf1 f5) 11. O-O ({RR} 11. e4 Nd7 12. d5 Bf6 13. Qe2 O-O 14. O-O Re8 15. Qc2 Nc5 16. Rad1 Nxd3 17. Rxd3 exd5 18. exd5 Qd7 19. Rdd1 Re7 20. Rfe1 Rae8 21. b3 Bc8 22. h3 Qf5 23. Rxe7 Rxe7 24. Qxf5 Bxf5 25. Nd4 Bxd4 {Wang,Y (2736)-Sasikiran,K (2694) Beijing 2008 ½-½ (54)}) 11... Nd7 12. e4 O-O ({RR} 12... Bf6 13. Rc1 ({RR} 13. e5 dxe5 14. dxe5 Bxf3 15. Qxf3 Nxe5 16. Bxe5 Bxe5 17. Rfe1 Bd4 ({RR} 17... Bxb2 18. Rxe6+ fxe6 19. Bg6+ Ke7 20. Qf7+ Kd6 21. Rd1+) 18. Be4 O-O ({RR} 18... Rb8 19. Bc6+ Ke7 20. Rad1) 19. Bxa8 Qxa8) ({RR} 13. Qe2 g5 14. e5 Bxf3 15. gxf3) 13... g5 14. Bb1 ({RR} 14. c5) ({RR} 14. e5 g4) 14... h5 15. h3 Rg8 16. b4 g4 17. hxg4 hxg4 18. Nh2 Bh4 19. Bf4 ({RR} 19. Nxg4 Bxg3 20. fxg3 Qg5) ({RR} 19. Rc3 Qg5) 19... Bg5 ({RR} 19... g3 20. fxg3 Bxg3 21. Bxg3 ({RR} 21. Qh5) 21... Rxg3 22. Qh5 Qe7 23. Ng4) ({RR} 19... Qf6 20. g3 Bg5 21. Nxg4 Qg7 22. Bxg5 Qxg5 23. f3 O-O-O) 20. Qxg4 Qf6 21. Be3 ({RR} 21. Bxg5 Rxg5) 21... Bxe3 ({RR} 21... O-O-O 22. f4 Bh4) 22. Qxg8+ Ke7 23. Qxa8 ({RR} 23. fxe3 Rxg8 24. Rxf6 Nxf6 25. d5 c6) 23... Bxa8 24. fxe3 Qg6 25. Rf4 ({RR} 25. d5) 25... e5 26. Rf5 Qh6 27. Re1 {Bacrot,E (2708)-Anand,V (2803) Sofia 2006 CBM 113 [Marin,Mihail] 0-1 (54)} ({RR} 27. Ng4 Qg7 28. Nf2 exd4)) 13. Qe2 Bf6 $146 ({RR} 13... Re8 14. Rfe1 Bf8 15. Rad1 c5 16. e5 dxe5 17. dxe5 Qc7 18. Bb1 Be7 19. Nd2 Nf8 20. Ne4 Bxe4 21. Qxe4 Rad8 22. f4 Rxd1 23. Rxd1 Rd8 24. Rd3 g6 25. Bf2 Rd7 26. Kf1 h5 27. Ke2 Rxd3 28. Bxd3 {Taboas Rodriguez,D (2374)-Hambleton,A (2420) chess.com INT 2023 ½-½ (50)}) ({RR} 13... Re8 14. Rfe1 Bf8 15. Rad1 c5 16. e5 dxe5 17. dxe5 Qc7 18. Bb1 Be7 19. Nd2 Nf8 20. Ne4 Bxe4 21. Qxe4 Rad8 22. f4 Rxd1 23. Rxd1 Rd8 24. Rd3 g6 25. Bf2 Rd7 26. Kf1 h5 27. Ke2 Rxd3 28. Bxd3 {Taboas Rodriguez,D (2374)-Hambleton,A (2420) chess.com INT 2023 ½-½ (50)}) 14. Rad1 e5 15. d5 a5 16. b3 Re8 17. a3 Nf8 18. b4 axb4 19. axb4 c5 20. bxc5 bxc5 21. Nd2 Ng6 22. Nb1 Bc8 23. Nc3 Nf4 24. Qc2 Bd7 25. Ra1 Ra5 26. Rfb1 Qa8 27. Rxa5 Qxa5 28. Bf1 Nh5 29. Qb2 Ra8 30. Qb7 Qd8 31. Nb5 Rb8 32. Qa6 Be7 33. Ra1 g6 34. Be2 Nf4 35. Bf1 Nh5 36. Be2 Nf4 37. Bf1 Nh5 1/2-1/2

[Event "Tata Steel-A 84th"]
[Site "Wijk aan Zee"]
[Date "2022.01.18"]
[Round "4"]
[White "Carlsen, Magnus"]
[Black "Van Foreest, Jorden"]
[Result "1/2-1/2"]
[WhiteElo "2865"]
[BlackElo "2702"]
[PlyCount "103"]
[EventDate "2022.01.15"]
[EventType "tourn"]
[EventRounds "13"]
[EventCountry "NED"]
[EventCategory "20"]
[SourceTitle "CBM 206"]
[Source "ChessBase"]
[SourceDate "2022.02.28"]
[SourceVersion "1"]
[SourceVersionDate "2022.02.28"]
[SourceQuality "1"]

1. Nf3 d5 2. g3 g6 3. Bg2 Bg7 4. d4 Nf6 5. O-O O-O 6. c4 c6 7. b3 Bf5 8. Bb2 Nbd7 9. e3 Ne4 10. Nc3 Nxc3 11. Bxc3 Be4 12. Qe2 e6 13. Rfd1 $146 ({RR} 13. Rac1 Re8 14. Rfd1 Qe7 15. Bh3 Bxf3 16. Qxf3 Nf6 17. Qe2 a5 18. Bg2 a4 19. b4 h5 20. Rc2 Ng4 21. b5 Red8 22. Rb1 Rac8 23. Bb4 Qd7 24. Rbc1 cxb5 25. cxd5 Rxc2 26. Rxc2 exd5 27. Rc5 Qf5 {Khismatullin,D (2617)-Artemiev,V (2663) Sochi 2016 0-1 (46)}) 13... a5 14. Bf1 Bxf3 15. Qxf3 Nc5 16. Be1 Ne4 17. Bd3 f5 18. Rac1 g5 19. Qe2 g4 20. Bxe4 fxe4 21. Qxg4 Qe8 22. cxd5 exd5 23. Rc5 h5 24. Qh3 Qf7 25. Qg2 a4 26. b4 Qd7 27. b5 h4 28. Rdc1 Rf6 29. bxc6 bxc6 30. g4 h3 31. Qxh3 Raf8 32. Qg2 Rg6 33. g5 Rf5 34. h4 Bf8 35. R5c2 Be7 36. Rb2 Bxg5 37. Kf1 Qa7 38. Qg4 Qa6+ 39. Kg1 Rg7 40. Rb8+ Bd8 41. Rxd8+ Rf8 42. Rxf8+ Kxf8 43. Bb4+ Kg8 44. Qxg7+ Kxg7 45. a3 Kg6 46. Kg2 Kh5 47. Rh1 c5 48. Bxc5 Qg6+ 49. Kf1 Qa6+ 50. Kg2 Qg6+ 51. Kf1 Qa6+ 52. Kg2 1/2-1/2

[Event "Politiken Cup 26th"]
[Site "Copenhagen"]
[Date "2004.07.27"]
[Round "5"]
[White "Carlsen, Magnus"]
[Black "Miezis, Normunds"]
[Result "1/2-1/2"]
[WhiteElo "2567"]
[BlackElo "2502"]
[PlyCount "63"]
[EventDate "2004.07.24"]
[EventType "swiss"]
[EventRounds "10"]
[EventCountry "DEN"]
[SourceTitle "CBM 101 Extra"]
[Source "ChessBase"]
[SourceDate "2004.09.01"]
[SourceVersion "2"]
[SourceVersionDate "2004.09.01"]
[SourceQuality "1"]

1. Nf3 {Ribli,Zoltan} c5 2. e4 e6 3. d4 cxd4 4. Nxd4 a6 5. Bd3 Nc6 6. Nxc6 dxc6 ({RR} 6... bxc6 7. O-O d5 8. c4) 7. Nd2 ({RR} 7. O-O) 7... e5 8. Nc4 ({RR} 8. Qh5 Bd6 9. Nc4 Bc7 ({RR} 9... Nf6 10. Nxd6+ Qxd6 11. Qe2 O-O 12. O-O Be6 13. b3) 10. Bg5 Nf6 11. Qe2 h6 12. Bh4 Qe7 13. O-O-O Be6 14. f4) 8... Be6 ({RR} 8... Nf6 9. Bd2 Bd6 10. Nxd6+ ({RR} 10. a4 Be6 11. Qe2 O-O 12. a5 Qe7 13. O-O Bxc4 14. Bxc4 Rfd8 15. Rfd1 Rd7 16. c3 Rad8) 10... Qxd6 11. Qe2 O-O 12. O-O Be6 13. Rfd1 Nd7 14. a4 Qc7 15. a5 Nc5 16. Be3 Nxd3 17. cxd3 Rfe8 18. f3 Qe7 19. Qc2 Rad8 20. Qc3) 9. Bd2 ({RR} 9. Qh5 Bb4+ 10. Ke2 ({RR} 10. Kf1 Nf6 11. Qxe5 O-O 12. Bg5 Bxc4 13. Bxc4 Ng4 14. Qf5 Qd4 15. Bb3 Qxb2 16. Rd1 Ne5) 10... Bxc4 11. Bxc4 Qe7 12. Rd1 Nf6 13. Qf5 O-O 14. Rd3 b5 15. Bb3 Rad8 16. Bg5 h6 17. Bxf6 Qxf6 18. Qxf6 gxf6 19. Rad1) 9... Bxc4 ({RR} 9... Bd6) 10. Bxc4 Qd4 11. Qe2 b5 ({RR} 11... Qxb2 12. O-O) 12. Bb3 Nf6 ({RR} 12... Qxb2 13. O-O) 13. O-O-O Qxe4 14. Rhe1 ({RR} 14. Qxe4 Nxe4 15. Rhe1 Nxd2 ({RR} 15... f5 16. f3 Nxd2 17. Rxe5+) 16. Rxe5+ ({RR} 16. Rxd2 Be7) 16... Be7 17. Rxd2 Rd8 18. Rde2 ({RR} 18. Rxd8+ Kxd8 19. Bxf7 Rf8) 18... Rd7) 14... Qxe2 15. Rxe2 Nd7 $146 ({RR} 15... e4 16. g4 ({RR} 16. f3 Bd6 17. fxe4 ({RR} 17. Bc3 Bf4+ 18. Kb1) 17... Be5) 16... h6 ({RR} 16... O-O-O 17. Bxf7 h6 ({RR} 17... Nxg4 18. Be6+) 18. h4 Bc5 19. g5 hxg5 20. hxg5 Nd5 21. Rxe4 Bxf2 22. Be6+ Kb8 23. Bxd5 Rxd5 24. Re7) 17. h4 Bd6 ({RR} 17... O-O-O) 18. g5 hxg5 19. hxg5 Nd5 20. Rxe4+ Kd7 ({RR} 20... Kf8 21. Bxd5 cxd5 22. Rd4) 21. Bxd5 cxd5 22. Rd4 Kc6 23. Be3 Rad8 24. Rxd5 g6 25. c3 Be7 26. Rxd8 Bxd8 ({RR} 26... Rxd8 27. Rxd8 ({RR} 27. Rh1) 27... Bxd8 28. Kc2 Kd5 29. Kd3) 27. Kc2 Be7 28. Rd4 Rh5 29. Rg4 ({RR} 29. f4 Rh2+) 29... Kd5 30. a4 {Vallejo Pons,F (2630)-Miezis,N (2501) Leon 2001 CBM 086 [Ribli,Zoltan] 1-0 (84)} {RR} Kc6) ({RR} 15... Bd6 16. Bc3 Bc7 17. Bxe5 Bxe5 18. Rxe5+ Kf8 19. Rd6 Rc8 20. Rc5) 16. Bc3 Ra7 17. f4 Be7 18. fxe5 Nc5 19. e6 Nxb3+ 20. axb3 Rg8 21. Bd4 Rb7 22. exf7+ Kxf7 23. Rf1+ Ke8 24. Bc5 Rf8 25. Rfe1 Rf7 26. b4 Kd8 27. Re6 Bxc5 28. Re8+ Kd7 29. bxc5 Rf1 30. R8e7+ Kc8 31. Re8+ Kd7 32. R8e7+ 1/2-1/2